Jangal ke phool/ (Record no. 21489)

000 -LEADER
fixed length control field 00405nam a22001571a 4500
020 ## - INTERNATIONAL STANDARD BOOK NUMBER
International Standard Book Number 9788170282099
082 ## - DEWEY DECIMAL CLASSIFICATION NUMBER
Classification number H3
Item number RAJ/J
100 ## - MAIN ENTRY--PERSONAL NAME
Personal name Rajendra Avasthi
9 (RLIN) 166278
245 ## - TITLE STATEMENT
Title Jangal ke phool/
Statement of responsibility, etc. by Rajendra Avasthi.
260 ## - PUBLICATION, DISTRIBUTION, ETC.
Place of publication, distribution, etc. New Delhi:
Name of publisher, distributor, etc. Rajpal,
Date of publication, distribution, etc. 1996.
300 ## - PHYSICAL DESCRIPTION
Extent 207p.
650 ## - SUBJECT ADDED ENTRY--TOPICAL TERM
Topical term or geographic name entry element Novel Hindi
9 (RLIN) 166279
650 ## - SUBJECT ADDED ENTRY--TOPICAL TERM
Topical term or geographic name entry element Literature Hindi
9 (RLIN) 166280
650 ## - SUBJECT ADDED ENTRY--TOPICAL TERM
Topical term or geographic name entry element Literature
9 (RLIN) 166281
942 ## - ADDED ENTRY ELEMENTS (KOHA)
Koha item type Book
Holdings
Withdrawn status Lost status Damaged status Not for loan Permanent Location Current Location Date acquired Cost, normal purchase price Total Checkouts Full call number Barcode Date last seen Date last checked out Cost, replacement price Price effective from Koha item type
        Sree Sankaracharya University of Sanskrit Sree Sankaracharya University of Sanskrit 08.01.2015 150.00 1 H3 RAJ/J 011507 05.12.2017 24.11.2017 0.00 08.01.2015 Book